Devonian stratigraphy of northeastern Alberta and northwestern Saskatchewan. (Record no. 29780)

MARC details
000 -LEADER
fixed length control field 01048cam a22003131 4500
001 - CONTROL NUMBER
control field gs 64000042
003 - CONTROL NUMBER IDENTIFIER
control field DLC
005 - DATE AND TIME OF LATEST TRANSACTION
control field 20260227111413.0
008 - FIXED-LENGTH DATA ELEMENTS--GENERAL INFORMATION
fixed length control field 720321s1963 oncab b f000 0 eng
010 ## - LIBRARY OF CONGRESS CONTROL NUMBER
LC control number gs 64000042
035 ## - SYSTEM CONTROL NUMBER
System control number (OCoLC)268247
040 ## - CATALOGING SOURCE
Original cataloging agency DLC
Transcribing agency OAkU
Modifying agency DLC
043 ## - GEOGRAPHIC AREA CODE
Geographic area code n-cn-ab
-- n-cn-sn
050 00 - LIBRARY OF CONGRESS CALL NUMBER
Classification number QE185
Item number .A2 no. 313
051 ## - LIBRARY OF CONGRESS COPY, ISSUE, OFFPRINT STATEMENT
Classification number QE665
Item number .N58
100 1# - MAIN ENTRY--PERSONAL NAME
Personal name Norris, A. W.
Fuller form of name (Arnold Willy)
245 10 - TITLE STATEMENT
Title Devonian stratigraphy of northeastern Alberta and northwestern Saskatchewan.
260 ## - PUBLICATION, DISTRIBUTION, ETC.
Place of publication, distribution, etc. [Ottawa]
Name of publisher, distributor, etc. Dept. of Mines and Technical Surveys, Canada
Date of publication, distribution, etc. [1963]
300 ## - PHYSICAL DESCRIPTION
Extent xi, 168 p.
Other physical details maps (8 fold. col.) diagrs., tables.
410 20 - SERIES STATEMENT/ADDED ENTRY--CORPORATE NAME [OBSOLETE, CAN/MARC], [LOCAL, USA]
Corporate name or jurisdiction name as entry element Geological Survey of Canada.
Title of a work Memoir
Volume number/sequential designation 313
500 ## - GENERAL NOTE
General note Text and part of illustrative matter in slipcase.
500 ## - GENERAL NOTE
General note Abstract also in French.
504 ## - BIBLIOGRAPHY, ETC. NOTE
Bibliography, etc. note Bibliography: p. 75-81.
650 #0 - SUBJECT ADDED ENTRY--TOPICAL TERM
Topical term or geographic name entry element Geology, Stratigraphic
Chronological subdivision Devonian.
650 #0 - SUBJECT ADDED ENTRY--TOPICAL TERM
Topical term or geographic name entry element Geology
Geographic subdivision Alberta.
650 #0 - SUBJECT ADDED ENTRY--TOPICAL TERM
Topical term or geographic name entry element Geology
Geographic subdivision Saskatchewan.
650 #0 - SUBJECT ADDED ENTRY--TOPICAL TERM
Topical term or geographic name entry element Borings
Geographic subdivision Alberta.
650 #0 - SUBJECT ADDED ENTRY--TOPICAL TERM
Topical term or geographic name entry element Borings
Geographic subdivision Saskatchewan.

No items available.

Powered by Koha